| 000 | 00537nam a22001577a 4500 | ||
|---|---|---|---|
| 005 | 20230526060549.0 | ||
| 008 | 221212b |||||||| |||| 00| 0 eng d | ||
| 082 | _aFil. 499.2155 C976 [2010] | ||
| 100 |
_aCurro, Erlinda S. _eauthor |
||
| 245 |
_aCheck your English grammar using Visayan language / _cErlinda Salac Curro |
||
| 260 |
_aS.L.: _bS.n., _cc[2010]. |
||
| 300 | _a500p. | ||
| 541 | _e727 c.1, 728 c.2, 729 c.3, 730 c.4, 731 c.5, 3540 c.6 | ||
| 650 | _aCebuano language - Grammar | ||
| 650 | _aCebuano language - Study and teaching | ||
| 999 |
_c361 _d361 |
||